|
|
|
|
| LEADER |
00924nam a2200277 a 4500 |
| 001 |
3256 |
| 003 |
BD-DhAAL |
| 005 |
20150607112142.0 |
| 008 |
150607s1996 mau 001 1 eng |
| 010 |
|
|
|a 95068034
|
| 020 |
|
|
|a 0669355054
|
| 040 |
|
|
|a DLC
|c DLC
|d BD-DhAAL
|
| 050 |
0 |
0 |
|a PN6014
|b .H358 1996
|
| 082 |
0 |
0 |
|a 808.3
|2 20
|
| 245 |
0 |
4 |
|a The Heath introduction to fiction /
|c with an introduction and notes by John J. Clayton.
|
| 246 |
3 |
0 |
|a Introduction to fiction
|
| 250 |
|
|
|a 5th ed.
|
| 260 |
|
|
|a Lexington, Mass. :
|b D.C. Heath,
|c c1996.
|
| 300 |
|
|
|a xv, 872 p. ;
|c 23 cm.
|
| 500 |
|
|
|a Includes indexes.
|
| 541 |
|
|
|e 3256
|
| 650 |
|
0 |
|a Short stories.
|9 11742
|
| 700 |
1 |
|
|a Clayton, John Jacob.
|9 11743
|
| 942 |
|
|
|2 ddc
|c BK
|
| 999 |
|
|
|c 34628
|d 34628
|
| 952 |
|
|
|0 0
|1 0
|2 ddc
|4 0
|6 808_300000000000000_HEA
|7 0
|9 54079
|a SCL
|b SCL
|c GEN
|d 2015-06-07
|e Gift: The Asia Foundation
|l 0
|o 808.3 HEA
|p 3020003256
|r 2015-06-07
|t 1
|w 2015-06-07
|y BK
|